00478pab a2200157 454500008004000000100002400040245004200064260000900106300001600115362001100131650001200142773003400154909001000188999001700198952010500215180718b2005 xxu||||| |||| 00| 0 eng d aKannabiran, Vasanth aMarketing self-help, managing poverty c2005 ap.3716-719. a20 Aug aPoverty aEconomic and Political Weekly a66448 c66448d66448 00104070aIIPAbIIPAd2018-07-19hVolume no: 40, Issue no: 34pAR66900r2018-07-19w2018-07-19yAR